Music Quiz

Random Music or Singers Quiz

Female 'H & I' Singers Matching Blitz Quiz Stats

 Plays Quiz not verified by Sporcle

Score 0/16 Timer 01:30
0 Plays Today
% Correct
Hilary
92.7%
Iggy
87.3%
Holly
78.1%
Idina
70.6%
Irene
70.4%
Helen
69.6%
India.
54.8%
Imogen
51%
% Correct
Hayley
45.9%
Hazel
43.1%
Ingrid
42.4%
Helen
39.8%
Hazell
36.1%
Ivana
25.1%
Hope
23.7%
Heather
21.3%

You're not logged in!

Compare scores with friends on all Sporcle quizzes.
OR
Log In

You Might Also Like...

Show Comments

Extras

Top Quizzes Today


Score Distribution

Your Account Isn't Verified!

In order to create a playlist on Sporcle, you need to verify the email address you used during registration. Go to your Sporcle Settings to finish the process.

Report this User

Report this user for behavior that violates our Community Guidelines.

Details: